000 00296nam a22001097a 4500
999 _c64700
_d64697
100 _aMir Asif Ali
_a15ME29
245 _aDevelopment of chainless hydraulic powered bicycle
260 _aNawabshah
_bQuest
_c2019
300 _a36
700 _aDepartment of Mechanical Engineering
942 _cBK